| 000 | 01605nam0a2200349 4500 | ||
|---|---|---|---|
| 001 | RU\NLR\bibl\468410 | ||
| 005 | 20260406105622.0 | ||
| 010 |
_a5-09-005721-4 _910000 |
||
| 021 |
_aRU _b2003-58841 _92876 |
||
| 035 | _a(NLR Aleph) 000461719 | ||
| 090 |
_a938155 _c938154 |
||
| 100 | _a20031203d2003 |||y0rusy50 ca | ||
| 101 | 0 | _arus | |
| 102 | _aRU | ||
| 105 | _aa ||||||||| | ||
| 200 | 1 |
_aЗдравствуй, школа! _eПервые уроки рус. яз. Уст. курс _f[А.Ф. Бойцова, Т.Н. Орлова, Д.М. Тамбиева и др.] _gПод ред. проф. Г.Г. Городиловой |
|
| 210 |
_aМ. _cФил. изд-ва "Просвещение" _d2003 |
||
| 215 |
_a95,[1] с. _cцв. ил. _d30 |
||
| 300 | _aАвт. указаны на обороте тит.л. | ||
| 606 | 0 |
_aРусский язык _jУчебные издания для дошкольного обучения _91533567 _3RU\NLR\auth\66969347 |
|
| 686 | _aШ141.12-921 | ||
| 701 | 1 |
_aБойцова _bА. Ф. _gАнтонина Федоровна _4070 |
|
| 701 | 1 |
_4070 _7ca _8rus _aОрлова _bТ. Н. _cпедагог-методист _gТатьяна Николаевна _924305 _3RU\NLR\AUTH\7741357 |
|
| 701 | 1 |
_aТамбиева _bД. М. _gДжантыг Магометовна _4070 |
|
| 702 | 1 |
_4340 _7ca _8rus _aГородилова _bГ. Г. _f1922-2013 _gГалина Георгиевна _985346 _3RU\NLR\AUTH\77102420 |
|
| 801 | 0 |
_aRU _bNLR _c20031203 _gPSBO |
|
| 801 | 1 |
_aRU _bNLR _c20031203 |
|
| 830 | _aАвт. по кн | ||
| 942 | _cBOOK | ||
| 980 | _aNB | ||